[Event "AUTO-OPEN-1941"]
[Site "http://www.queenalice.com/game.php?id=758656"]
[Date "2010.4.9"]
[Round "1"]
[White "RJGF"]
[Black "Yosan"]
[Result "0-1"]
[WhiteElo "1583"]
[BlackElo "1604"]

1. d4 d5 2. c4 Nf6 3. Nc3 dxc4 4. e4 e5 5. dxe5 Qxd1+ 6. Kxd1 Ng4 7. Nh3 Nxe5 8.
Bf4 Nbc6 9. Bxe5 Nxe5 10. f4 Nd3 11. Bxd3 cxd3 12. Nf2 Be6 13. f5 Bc4 0-1

[Event "AUTO-OPEN-1941"]
[Site "http://www.queenalice.com/game.php?id=758657"]
[Date "2010.4.9"]
[Round "1"]
[White "Yosan"]
[Black "RJGF"]
[Result "1-0"]
[WhiteElo "1635"]
[BlackElo "1583"]

1. e4 e5 2. Nf3 Nc6 3. Bc4 Nd4 4. O-O d6 5. Nxd4 exd4 6. d3 Nf6 7. Bg5 h6 8. Bh4
g5 9. Bg3 Bd7 10. e5 dxe5 11. Bxe5 b5 12. Re1 Qc8 13. Bxf6+ Be6 14. Bxe6 1-0

[Event "AUTO-OPEN-1941"]
[Site "http://www.queenalice.com/game.php?id=758678"]
[Date "2010.4.9"]
[Round "1"]
[White "kookaburra"]
[Black "Yosan"]
[Result "0-1"]
[WhiteElo "2154"]
[BlackElo "1606"]

1. e4 e5 2. f4 exf4 3. Nf3 Nc6 4. Bc4 g5 5. O-O g4 6. d4 gxf3 7. Qxf3 Qf6 8. e5
Qe7 9. Nc3 Nxd4 10. Qxf4 Ne6 11. Qe4 Qc5+ 12. Be3 Qxe3+ 13. Qxe3 Bc5 14. Qxc5
Nxc5 15. Bxf7+ Kd8 16. Rad1 a5 17. e6 d6 18. Rde1 Ne7 19. Rf4 Ra6 20. b3 d5 21.
Rd1 Nxe6 22. Rf2 Bd7 23. Nxd5 Rd6 24. Rfd2 Nxd5 25. Rxd5 Ke7 26. Bh5 Rxd5 27.
Rxd5 Nf4 28. Rxa5 b6 29. Rg5 h6 30. Rg7+ Kd6 31. Bf3 Rf8 32. Rh7 Rf6 33. Kf2 Bf5
34. Rh8 Be4 35. Ke3 Nxg2+ 36. Kxe4 Rf4+ 0-1

[Event "AUTO-OPEN-1941"]
[Site "http://www.queenalice.com/game.php?id=758679"]
[Date "2010.4.9"]
[Round "1"]
[White "Yosan"]
[Black "kookaburra"]
[Result "1-0"]
[WhiteElo "1710"]
[BlackElo "2184"]

1. e4 c5 2. Nc3 Nc6 3. Nf3 Nf6 4. Bc4 e6 5. O-O Be7 6. d4 d5 7. exd5 exd5 8. Bb5
O-O 9. Bxc6 bxc6 10. h3 Rb8 11. b3 Bf5 12. Bf4 Bd6 13. Qd2 Re8 14. dxc5 Bxf4 15.
Qxf4 Bxc2 16. Nd4 Rb4 17. Qd2 Rxd4 18. Qxd4 h6 19. Rac1 Bf5 20. Rfe1 Be6 21. Re3
Re7 22. Rce1 Rb7 23. Ne2 a5 24. Nf4 Bf5 25. Nh5 Be6 26. Nxf6+ Qxf6 27. Qxf6 gxf6
28. g4 Rb5 29. Rc1 Kg7 30. f3 Kg6 31. Kg2 Rb4 32. Kg3 f5 33. gxf5+ Kxf5 34. a3
Rd4 35. Rce1 Rd2 36. Re5+ Kf6 37. R5e2 Rd3 38. Re3 Rd2 39. Rb1 d4 40. Ree1 Rd3
41. Red1 Rc3 42. Rxd4 Rxc5 43. b4 Rg5+ 44. Kf2 axb4 45. Rf4+ Ke7 46. h4 Ra5 47.
axb4 Ra2+ 48. Kg3 Rc2 49. Re4 Kf6 50. Kf4 Bd5 51. Rd4 Rc3 52. Rf1 Rb3 53. h5 Rb2
54. Kg3 Ke5 55. Rf4 f5 56. Re1+ Kf6 57. Re8 Kg5 58. Rf8 Rg2+ 59. Kxg2 Kxf4 60.
Kh3 Bxf3 61. Kh4 Be4 62. Rf6 Kf3 63. Rxh6 f4 64. Rf6 Ke3 65. Kh3 f3 66. Kg3 1-0

[Event "PIPER J3 CUB"]
[Site "http://www.queenalice.com/game.php?id=759104"]
[Date "2010.4.10"]
[Round "-"]
[White "rogeriooliveira"]
[Black "Yosan"]
[Result "0-1"]
[WhiteElo "1312"]
[BlackElo "1500"]

1. e4 e5 2. d4 exd4 3. Qxd4 Nc6 4. Qd5 Nf6 5. Qd3 d5 6. Qe2 Bc5 7. e5 O-O 8.
exf6 Re8 9. Qxe8+ Qxe8+ 10. Ne2 Nd4 11. Kd2 Qe4 12. Nxd4 Qxd4+ 13. Ke2 Qxf2+ 14.
Kd3 Qd4+ 15. Ke2 Bg4+ 16. Ke1 Qf2# 0-1

[Event "AUTO-INT-1693"]
[Site "http://www.queenalice.com/game.php?id=772643"]
[Date "2010.5.8"]
[Round "1"]
[White "Yosan"]
[Black "Checker"]
[Result "0-1"]
[WhiteElo "1650"]
[BlackElo "1536"]

1. e4 e5 2. Nf3 Nc6 3. Bb5 a6 4. Bxc6 dxc6 5. O-O Bd6 6. Nc3 Nf6 7. d3 O-O 8.
Bg5 h6 9. Bxf6 Qxf6 10. d4 exd4 11. Qxd4 Qg6 12. Nh4 Qe6 13. Nf5 Be5 14. Qe3 Qf6
15. Rad1 Bxf5 16. exf5 Qxf5 17. Qc5 Rae8 18. g3 Qxc2 19. Na4 Qxa4 0-1

[Event "AUTO-INT-1693"]
[Site "http://www.queenalice.com/game.php?id=772644"]
[Date "2010.5.8"]
[Round "1"]
[White "Checker"]
[Black "Yosan"]
[Result "1-0"]
[WhiteElo "1512"]
[BlackElo "1710"]

1. e4 e5 2. Nf3 Nc6 3. d4 d6 4. d5 Nce7 5. h3 Nf6 6. Bd3 c6 7. c4 cxd5 8. cxd5
Bd7 9. Nc3 g6 10. Nb5 Bg7 11. Nxd6+ Kf8 12. Nxe5 Qc7 13. Nexf7 Rg8 14. Qb3 Rb8
15. g4 Ne8 16. Bf4 Nxd6 17. Bxd6 Qa5+ 18. Bb4 Qb6 19. Ng5 h6 20. Ne6+ Bxe6 21.
dxe6 Re8 22. Bc4 1-0

[Event "AUTO-INT-1693"]
[Site "http://www.queenalice.com/game.php?id=772647"]
[Date "2010.5.8"]
[Round "1"]
[White "Yosan"]
[Black "McKubik"]
[Result "1-0"]
[WhiteElo "1662"]
[BlackElo "1363"]

1. e4 e5 2. Nf3 Nc6 3. Bb5 Nf6 4. Bxc6 dxc6 5. Nc3 Bg4 6. O-O c5 7. d3 Qd6 8.
Nb5 Qb6 9. c4 O-O-O 10. Qa4 Rxd3 11. Nxe5 Rd8 12. Nxa7+ Kb8 13. Nac6+ bxc6 14.
Nxc6+ Kc8 15. Qa8+ Kd7 16. Qxd8+ Kxc6 17. e5 Nd7 18. Qa8+ Qb7 19. Qa4+ Kb6 20.
Qb5+ Ka7 21. Qa5+ Kb8 22. b4 Nxe5 23. bxc5 Nxc4 24. Qa4 Ne5 25. Bf4 Nd3 26. Qc2
Nxf4 27. Rfb1 Kc8 28. Rxb7 Kxb7 29. Qe4+ Kc8 30. Qxf4 Be2 31. Qf5+ Kb7 32. Rb1+
Kc6 33. Qe4+ Kxc5 34. Rc1+ Kb6 35. Qc6+ Ka5 36. Qxc7+ Ka4 37. Rb1 Bb4 38. Qa7+
Ba5 39. Qd7+ Bb5 40. Qd4+ Ka3 41. Qb2+ Ka4 42. Qb3# 1-0

[Event "AUTO-INT-1693"]
[Site "http://www.queenalice.com/game.php?id=772648"]
[Date "2010.5.8"]
[Round "1"]
[White "McKubik"]
[Black "Yosan"]
[Result "0-1"]
[WhiteElo "1380"]
[BlackElo "1700"]

1. e4 e5 2. Qh5 Nc6 3. Nf3 Nf6 4. Qf5 d5 5. Qg5 h6 6. Qe3 d4 7. Qb3 Be6 8. Qb5
Nxe4 9. Nxe5 Nd6 10. Qe2 Be7 11. Qf3 Nxe5 12. d3 Nxf3+ 13. gxf3 O-O 14. Bf4 Nf5
15. Na3 Bxa3 16. bxa3 Qh4 17. Bxc7 Ne3 18. Be2 Nxc2+ 19. Kd1 Nxa1 20. Kc1 Qxf2
21. Bd1 Rac8 22. Kb1 Qxa2+ 23. Kc1 Rxc7+ 24. Bc2 Qxc2# 0-1

[Event "Challenge"]
[Site "http://www.queenalice.com/game.php?id=781327"]
[Date "2010.5.27"]
[Round "-"]
[White "RAFAELI"]
[Black "Yosan"]
[Result "1-0"]
[WhiteElo "1633"]
[BlackElo "1566"]

1. e4 e5 2. Qh5 d6 3. Bc4 g6 4. Qf3 Nf6 5. Qb3 Qe7 6. Nc3 Nc6 7. Nd5 Nxd5 8.
Bxd5 Nd4 9. Qd3 c5 10. c3 Nc6 11. Qb5 Qc7 12. Nf3 a6 13. Qe2 Be6 14. Bc4 Bxc4
15. Qxc4 b5 16. Qd5 O-O-O 17. a4 bxa4 18. Rxa4 Qb7 19. Qd3 Qb5 20. Qc2 d5 21.
Ng5 Rd7 22. exd5 Nd8 23. b4 Rxd5 24. bxc5 Rxc5 25. c4 Qc6 26. Ne4 a5 27. Nxc5
Qxc5 28. O-O Nb7 29. Bb2 e4 30. Bxh8 1-0

[Event "AUTO-INT-1714"]
[Site "http://www.queenalice.com/game.php?id=783086"]
[Date "2010.5.30"]
[Round "1"]
[White "Sbilf"]
[Black "Yosan"]
[Result "1-0"]
[WhiteElo "1684"]
[BlackElo "1569"]

1. e4 e5 2. Nf3 Nc6 3. d4 exd4 4. Nxd4 d5 5. Bb5 dxe4 6. Nxc6 Qxd1+ 7. Kxd1 Bd7
8. Re1 f5 9. Nd4 Bxb5 10. Nxb5 O-O-O+ 11. Bd2 Bc5 12. Re2 1-0

[Event "AUTO-INT-1714"]
[Site "http://www.queenalice.com/game.php?id=783087"]
[Date "2010.5.30"]
[Round "1"]
[White "Yosan"]
[Black "Sbilf"]
[Result "0-1"]
[WhiteElo "1588"]
[BlackElo "1671"]

1. e4 g6 2. Bc4 Bg7 3. Nf3 d6 4. O-O Nf6 5. e5 dxe5 6. Nxe5 O-O 7. Bxf7+ Rxf7 8.
Nxf7 Kxf7 9. d3 Qd6 10. g3 Bh3 11. Re1 Nc6 0-1

[Event "AUTO-INT-1714"]
[Site "http://www.queenalice.com/game.php?id=783094"]
[Date "2010.5.30"]
[Round "1"]
[White "zemorais"]
[Black "Yosan"]
[Result "1-0"]
[WhiteElo "1742"]
[BlackElo "1554"]

1. e4 e5 2. Nf3 Nc6 3. Bb5 Nge7 4. Bxc6 Nxc6 5. O-O Bc5 6. c3 O-O 7. Nxe5 Re8 8.
Nxc6 dxc6 9. d4 Be7 10. Nd2 c5 11. d5 Bd6 12. Nf3 Bg4 13. h3 Bxf3 14. Qxf3 Qh4
15. b4 Rxe4 16. Be3 1-0

[Event "AUTO-INT-1714"]
[Site "http://www.queenalice.com/game.php?id=783095"]
[Date "2010.5.30"]
[Round "1"]
[White "Yosan"]
[Black "zemorais"]
[Result "0-1"]
[WhiteElo "1542"]
[BlackElo "1750"]

1. e4 e5 2. Nf3 Nc6 3. Bb5 a6 4. Bxc6 bxc6 5. d3 Nf6 6. Nxe5 Bd6 7. Nf3 O-O 8.
O-O Bc5 9. e5 Nd5 10. d4 Bb6 11. c4 Ne7 12. c5 Ba7 13. Nc3 Nd5 14. Ne4 d6 15.
exd6 cxd6 0-1

[Event "AUTO-OPEN-1941"]
[Site "http://www.queenalice.com/game.php?id=801529"]
[Date "2010.7.10"]
[Round "2"]
[White "bukbuk"]
[Black "Yosan"]
[Result "1-0"]
[WhiteElo "2395"]
[BlackElo "1566"]

1. e4 e5 2. Nf3 Nc6 3. Bc4 Be7 4. d4 d6 5. dxe5 dxe5 6. Qxd8+ Bxd8 7. Nc3 Nh6 8.
Bxh6 gxh6 9. Bb5 Bd7 10. Bxc6 Bxc6 11. Nxe5 O-O 12. Nxc6 bxc6 13. f4 1-0

[Event "AUTO-OPEN-1941"]
[Site "http://www.queenalice.com/game.php?id=801530"]
[Date "2010.7.10"]
[Round "2"]
[White "Yosan"]
[Black "bukbuk"]
[Result "0-1"]
[WhiteElo "1566"]
[BlackElo "2396"]

1. e4 e5 2. Nf3 Nc6 3. Nc3 Nf6 4. Bb5 Bd6 5. O-O O-O 6. d3 Nd4 7. Nxd4 exd4 8.
Ne2 c6 9. Bc4 Bc5 10. Ng3 d6 11. h3 a5 12. Qf3 d5 0-1